[Event "Djerba Open A 2025"]
[Site "Djerba TUN"]
[Date "2025.02.18"]
[Round "3.9"]
[White "Amdouni, Zoubaier"]
[Black "Viers, Emmanuel"]
[Result "1-0"]
[WhiteTitle "FM"]
[WhiteElo "2229"]
[BlackElo "2072"]
[WhiteFideId "5500419"]
[BlackFideId "656739"]
[EventDate "2025.02.16"]

1. e4 c5 2. Nf3 a6 3. Nc3 Nc6 4. d4 cxd4 5. Nxd4 Nf6 6. Nxc6 dxc6 7. Qxd8+ Kxd8
8. Bf4 Nd7 9. O-O-O Ke8 10. e5 Nc5 11. Be3 e6 12. f4 b5 13. a3 Bb7 14. Be2 a5
15. Nxb5 Rc8 16. Nd6+ Bxd6 17. Rxd6 Nd7 18. Rhd1 Nb8 19. Bb6 Ke7 20. Bc5 Ke8 21.
f5 exf5 22. e6 Ba6 23. Bh5 g6 24. e7 Kxe7 25. Rxg6+ Ke8 26. Re6# 1-0

[Event "Djerba Open A 2025"]
[Site "Djerba TUN"]
[Date "2025.02.18"]
[Round "3.10"]
[White "Papaux, Steve"]
[Black "Rekik, Ismail"]
[Result "1-0"]
[WhiteElo "2204"]
[BlackElo "2006"]
[WhiteFideId "1337602"]
[BlackFideId "5514100"]
[EventDate "2025.02.16"]

1. d4 Nf6 2. c4 e6 3. g3 Be7 4. Bg2 d5 5. Nf3 O-O 6. O-O dxc4 7. Qc2 a6 8. a4 a5
9. Qxc4 Na6 10. Nc3 Nd5 11. e4 Nb6 12. Qe2 Nb4 13. Rd1 Re8 14. h4 Nd7 15. e5 Nf8
16. Qe4 Nd5 17. Qg4 f5 18. Qh5 Bb4 19. Ne2 g6 20. Qh6 Qe7 21. h5 Qg7 22. Qxg7+
Kxg7 23. h6+ Kg8 24. Bd2 Be7 25. Bg5 Ra6 26. Nc1 Rb6 27. Nd3 Nb4 28. Rac1 c6 29.
b3 Nd5 30. Bxe7 Rxe7 31. Nd2 g5 32. Nc5 Rb4 33. Rc4 b6 34. Bxd5 exd5 35. Rxb4
axb4 36. Nd3 Ne6 37. Nf3 Ba6 38. Kg2 Bxd3 39. Rxd3 Kf7 40. Ne1 Rd7 41. Nc2 c5
42. dxc5 bxc5 43. Ne3 Nd4 44. a5 g4 45. Rxd4 cxd4 46. Nxf5 d3 47. f4 d4 48. Kf2
Ke6 49. Nd6 Rc7 50. Nb5 Rc2+ 51. Ke1 Kd5 52. e6 Re2+ 53. Kd1 Kc5 54. a6 Kb6 55.
a7 Kb7 56. f5 Ka8 57. f6 1-0

[Event "Djerba Open A 2025"]
[Site "Djerba TUN"]
[Date "2025.02.18"]
[Round "3.11"]
[White "Maisuradze, Nino"]
[Black "Kadi, Mohamed El Mouldi"]
[Result "1/2-1/2"]
[WhiteTitle "WGM"]
[WhiteElo "2174"]
[BlackElo "2070"]
[WhiteFideId "13601717"]
[BlackFideId "7901127"]
[EventDate "2025.02.16"]

1. d4 Nf6 2. c4 g6 3. Nc3 Bg7 4. e4 d6 5. Be2 O-O 6. h4 c5 7. d5 e6 8. h5 exd5
9. exd5 Re8 10. h6 Bh8 11. Bg5 Nbd7 12. Kf1 Qb6 13. b3 Ne5 14. Rh4 Nfd7 15. Rc1
f6 16. Be3 f5 17. Qd2 Nf6 18. Nh3 Nfg4 19. Bf4 Nf7 20. Ng5 Qd8 21. Rh3 Nxg5 22.
Bxg5 Bf6 23. Bxf6 Nxf6 24. Re3 Bd7 25. Re1 Rxe3 26. Qxe3 Qf8 27. Qg5 Re8 28. Rd1
Qe7 29. Bf3 Qe5 30. Ne2 b5 31. g3 Ne4 32. Qf4 Qxf4 33. Nxf4 Ng5 34. Be2 bxc4 35.
Bxc4 Nf7 36. Ne6 Nxh6 37. Nc7 Re5 38. Bb5 Bc8 39. Rc1 Re7 40. Ne8 Bb7 41. Nxd6
Bxd5 42. Rxc5 Be6 43. Nc8 Bxc8 44. Rxc8+ Kg7 45. a4 Nf7 46. Rc6 Ne5 47. Ra6 Nf3
48. Kg2 Ne1+ 49. Kh3 g5 50. g4 f4 51. Rd6 Nf3 52. Rd7 Rxd7 53. Bxd7 Kf6 54. b4
Ke7 55. Bf5 h6 56. Kg2 Nd4 57. Be4 Ne2 58. Kf1 Nc3 59. Bc2 Nd5 60. b5 Kd6 61.
Ke2 Kc5 62. Bb3 Nb4 63. Bf7 1/2-1/2

[Event "Djerba Open A 2025"]
[Site "Djerba TUN"]
[Date "2025.02.18"]
[Round "3.12"]
[White "Hoekstra, Peter"]
[Black "Bouzidi, Ahmed"]
[Result "1/2-1/2"]
[BlackTitle "CM"]
[WhiteElo "2000"]
[BlackElo "2168"]
[WhiteFideId "1023217"]
[BlackFideId "5501733"]
[EventDate "2025.02.16"]

1. e4 c6 2. d4 d5 3. e5 c5 4. Nf3 Nc6 5. c4 cxd4 6. Nxd4 e6 7. Nc3 Bb4 8. Nxc6
bxc6 9. Qa4 Bxc3+ 10. bxc3 Ne7 11. Ba3 O-O 12. Bd3 Re8 13. O-O Bd7 14. Bc5 Nc8
15. Qc2 Qh4 16. Rfe1 f5 17. Rab1 Nb6 18. Bxb6 axb6 19. Rxb6 dxc4 20. Bf1 Ra5 21.
g3 Qd8 22. Rb4 Qc7 23. f4 Qa7+ 24. Qf2 Qxf2+ 25. Kxf2 Rxa2+ 26. Re2 Rxe2+ 27.
Bxe2 Kf7 28. Bxc4 Ra8 29. h4 Ke7 30. Rb6 Ra3 31. Rb3 Ra2+ 32. Be2 Kd8 33. Ke3
Kc7 34. Bf3 Rc2 35. Kd3 Rc1 36. Ke3 Bc8 37. h5 Ra1 38. g4 g6 39. hxg6 hxg6 40.
gxf5 gxf5 41. Rb2 Ra3 42. Kd2 Ba6 43. Bd1 Bc4 44. Bc2 Bd5 45. Rb1 Ra2 46. Rc1
Kb6 47. Ke3 Kc5 48. Bd3 Rh2 49. Ra1 Rh3+ 50. Ke2 Bf3+ 51. Kd2 Bd5 52. Ra5+ Kb6
53. Ra6+ Kb7 54. Ra1 Bg2 55. Rg1 Rh2 56. Ke3 Bd5 57. Kd4 Rh3 58. Be2 Rh4 59. Ke3
Kb6 60. Ra1 Rh3+ 61. Kd2 c5 62. Ra6+ Kc7 63. Rd6 c4 64. Ra6 Rh2 65. Ke3 Kb7 66.
Ra4 Rh3+ 67. Kd4 Rh4 68. Ke3 Rh3+ 1/2-1/2

[Event "Djerba Open A 2025"]
[Site "Djerba TUN"]
[Date "2025.02.18"]
[Round "3.13"]
[White "Amrane, Abdellah"]
[Black "Taieb, Sahbi"]
[Result "1/2-1/2"]
[WhiteTitle "CM"]
[BlackTitle "CM"]
[WhiteElo "2021"]
[BlackElo "2116"]
[WhiteFideId "7912994"]
[BlackFideId "5500770"]
[EventDate "2025.02.16"]

1. d4 Nf6 2. e3 d5 3. Bd3 e6 4. b3 c5 5. Bb2 Nbd7 6. f4 g6 7. Nd2 Bg7 8. Ngf3 b6
9. O-O O-O 10. Ne5 Bb7 11. a4 Ne4 12. Nxe4 dxe4 13. Bb5 Nxe5 14. dxe5 Qc7 15. a5
Rfd8 16. Qe2 Bf8 17. axb6 axb6 18. Rxa8 Bxa8 19. Rd1 Bd5 20. Qe1 Rc8 21. c4 Bc6
22. Bxc6 Qxc6 23. Qd2 b5 24. Qd7 Qxd7 25. Rxd7 Rb8 26. Rd2 Be7 27. Kf2 Kf8 28.
Ke2 Ke8 29. Bc1 bxc4 30. bxc4 Rb4 31. Rc2 Kd7 32. Bd2 Ra4 33. Rb2 Kc7 34. Rc2
Kc6 35. Be1 Bd8 36. Rd2 Bc7 37. Rc2 Ra1 38. Bc3 Ra4 39. Be1 Kb7 40. g4 Kc6 41.
h3 Ba5 42. Bxa5 Rxa5 43. Kf2 Ra1 44. Rc3 h6 45. Rc2 Ra4 46. f5 gxf5 47. gxf5
exf5 48. Kg3 Kd7 49. Kf4 Ke6 50. Rb2 Rxc4 51. Rb6+ Ke7 52. Kxf5 Rc1 53. Rxh6 c4
54. Kxe4 c3 55. Rc6 c2 56. Kd3 Rh1 57. Rxc2 Rxh3 58. Kd4 Rh1 59. Kd5 Rd1+ 60.
Ke4 Ke6 61. Rc4 Rf1 62. Rc8 Ke7 63. Rc6 Rf2 64. Rd6 Rf1 65. Rd2 Ke6 66. Ra2 Ke7
67. Kd5 Rd1+ 68. Ke4 Rf1 69. Ra6 Rf2 70. Kd3 Rf1 71. Ra2 Ke6 72. Ke4 Ke7 73. Ra6
Rf2 74. Rd6 Rf1 75. Rd2 Ke6 76. Rh2 Ke7 77. Rh4 Ke6 78. Rf4 Rd1 79. Rf5 Ra1 80.
Rf6+ Ke7 81. Rf2 Ke6 82. Rd2 Ra4+ 83. Rd4 Ra1 84. Rb4 Rc1 85. Rb6+ Ke7 86. Ra6
Rc2 87. Kf3 Rc1 88. Ke4 Rc2 89. Ra5 Rc1 90. Ra7+ Ke6 91. Ra6+ Ke7 92. Ra7+ 1/2-1/2

[Event "Djerba Open A 2025"]
[Site "Djerba TUN"]
[Date "2025.02.18"]
[Round "3.14"]
[White "Zounani, Yacine"]
[Black "Filali, Razzouki Marouane"]
[Result "1/2-1/2"]
[BlackTitle "CM"]
[WhiteElo "2132"]
[BlackElo "2234"]
[WhiteFideId "20695594"]
[BlackFideId "9003720"]
[EventDate "2025.02.16"]

1. d4 Nf6 2. c4 e6 3. g3 d5 4. Nf3 Be7 5. Bg2 O-O 6. O-O b6 7. cxd5 exd5 8. Nc3
Bb7 9. Bf4 Nbd7 10. Rc1 a6 11. h3 Rc8 12. g4 Ne4 13. Nxe4 dxe4 14. Ne5 c5 15.
Nxd7 Qxd7 16. dxc5 Qxd1 17. Rfxd1 Bxc5 18. Bd6 Rfd8 19. Bxc5 Rxd1+ 20. Rxd1 bxc5
21. Rd7 Bc6 22. Ra7 Bb5 23. Bxe4 Rd8 24. Rc7 Bxe2 25. Rxc5 Kf8 26. Rc7 Rd4 27.
Bc2 Bc4 28. a3 h6 29. b4 Ke8 30. f3 Kd8 31. Ra7 Rd2 32. Be4 Ra2 33. Bc6 Rxa3 34.
b5 Ra1+ 35. Kg2 Ra2+ 36. Kg3 axb5 37. Rxa2 Bxa2 38. Bxb5 1/2-1/2

[Event "Djerba Open A 2025"]
[Site "Djerba TUN"]
[Date "2025.02.18"]
[Round "3.15"]
[White "Boulrens, Ala Eddine"]
[Black "Neininger, Ralph"]
[Result "0-1"]
[WhiteElo "2121"]
[BlackElo "2099"]
[WhiteFideId "7907559"]
[BlackFideId "4642198"]
[EventDate "2025.02.16"]

1. e4 c5 2. c3 d5 3. exd5 Qxd5 4. d4 Nc6 5. Nf3 Bf5 6. Be3 cxd4 7. cxd4 Bxb1 8.
Rxb1 e6 9. a3 Nf6 10. Bd3 Be7 11. O-O O-O 12. Qe2 Rfd8 13. Rbd1 Rac8 14. Rfe1 a6
15. Bf4 Qh5 16. Bb1 Nd5 17. Bc1 Bd6 18. Qf1 Nf6 19. h3 Qa5 20. Qe2 Qc7 21. Bg5
Be7 22. Qd3 g6 23. Qe2 Nd5 24. Bh6 Bf6 25. Qe4 Qb6 26. Re2 Nde7 27. Qf4 Nd5 28.
Qg4 Nde7 29. Red2 Qb5 30. Be4 Nd5 31. h4 Bg7 32. Bxg7 Kxg7 33. Qg3 Nf6 34. Qf4
Nxe4 35. Qxe4 Qd5 36. Qf4 Qd6 37. Qg4 h5 38. Qe4 Qd5 39. Qf4 Qd6 40. Qe3 Ne7 41.
Qb3 Qd5 42. Qe3 Qd6 43. Re1 Nd5 44. Qb3 b5 45. Ne5 Ne7 46. Nf3 Qd5 47. Qd1 Nc6
48. Re3 Qf5 49. Ng5 Qg4 50. Nf3 Rd6 51. d5 Rcd8 52. Red3 Rxd5 53. Rxd5 Rxd5 54.
Rxd5 exd5 55. Qxd5 Qe6 56. Qc5 Ne7 57. g3 Qf5 58. Qe5+ Qxe5 59. Nxe5 Nd5 60. Nc6
Kf6 61. Kg2 Ke6 62. Nb8 Nc7 63. Kf3 Kd6 64. Ke4 a5 65. Kd3 Nd5 66. Na6 Kc6 67.
Kd4 Nf6 68. f3 Nd7 69. b4 Kb6 70. Nc5 Nxc5 71. bxc5+ Kc6 72. g4 f6 0-1

[Event "Djerba Open A 2025"]
[Site "Djerba TUN"]
[Date "2025.02.18"]
[Round "3.16"]
[White "Chelly, Yahya"]
[Black "Kakavand, Ramtin"]
[Result "0-1"]
[BlackTitle "FM"]
[WhiteElo "2106"]
[BlackElo "2106"]
[WhiteFideId "5516200"]
[BlackFideId "32790597"]
[EventDate "2025.02.16"]

1. d4 d5 2. c4 c6 3. Nc3 Nf6 4. Nf3 e6 5. e3 Nbd7 6. Bd3 dxc4 7. Bxc4 b5 8. Bd3
Bd6 9. a3 O-O 10. O-O Bb7 11. e4 e5 12. Ne2 c5 13. d5 c4 14. Bc2 Nc5 15. Ng3 Bc8
16. Nd2 g6 17. a4 Bg4 18. Qe1 a6 19. Qe3 Rc8 20. Qg5 Re8 21. h3 Bd7 22. axb5
Bxb5 23. Rd1 Bf8 24. Nf3 Bg7 25. Qh4 Nd3 26. Bxd3 cxd3 27. Ne1 Rc4 28. Bg5 h6
29. Bxf6 Bxf6 30. Qg4 Rd4 31. Nf1 Bg5 32. Nf3 f5 33. Qg3 f4 34. Qh2 Rxe4 35.
N1d2 Re2 36. Nxg5 Qxg5 37. h4 Qf5 38. Nb1 e4 39. Nc3 Rxb2 40. Nxb5 Rxb5 41. Rxa6
d2 42. h5 e3 43. fxe3 Rb1 44. Rxg6+ Qxg6 45. hxg6 Rxd1+ 46. Kf2 Rf1+ 47. Kxf1
d1=Q+ 48. Kf2 fxe3+ 49. Kg3 e2 50. Qxh6 e1=Q+ 51. Kf4 Qe5# 0-1

[Event "Djerba Open A 2025"]
[Site "Djerba TUN"]
[Date "2025.02.18"]
[Round "4.1"]
[White "Sambuev, Bator"]
[Black "Velten, Paul"]
[Result "0-1"]
[WhiteTitle "GM"]
[BlackTitle "GM"]
[WhiteElo "2416"]
[BlackElo "2505"]
[WhiteFideId "4128290"]
[BlackFideId "681091"]
[EventDate "2025.02.16"]

1. Nf3 d5 2. c4 d4 3. b4 c6 4. e3 e5 5. c5 dxe3 6. fxe3 e4 7. Ne5 Qg5 8. Bb2 Be7
9. Na3 Nf6 10. Qc2 O-O 11. Nac4 Nd5 12. Qxe4 f5 13. Qf3 Nxb4 14. Nd6 Be6 15. Rc1
b5 16. a3 Bd5 17. Qg3 Qh6 18. Qf4 Bh4+ 19. Ke2 Qh5+ 20. Nf3 N4a6 21. Nxb5 cxb5
22. Qd4 Bxf3+ 23. gxf3 Bf6 24. Qd5+ Qf7 25. Qxf7+ Kxf7 26. Bxf6 Kxf6 27. d4 Nc6
28. Rb1 Nc7 29. f4 Nd5 30. Kd2 a6 31. a4 b4 32. Bc4 Nc3 33. Rb3 Rfe8 34. a5 Ne4+
35. Kc2 Nxa5 36. Rxb4 Nxc4 37. Rxc4 Ke6 38. Rb1 Kd5 39. Ra4 Nf6 40. Kd2 Reb8 41.
Rxb8 Rxb8 42. Rxa6 Rb3 43. Rd6+ Kc4 44. Ke2 Rb2+ 45. Kf1 Kd3 46. Re6 Ne4 47. c6
Kxe3 0-1

[Event "Djerba Open A 2025"]
[Site "Djerba TUN"]
[Date "2025.02.18"]
[Round "4.2"]
[White "Thorfinnsson, Bjorn"]
[Black "Zaibi, Amir"]
[Result "1/2-1/2"]
[WhiteTitle "IM"]
[BlackTitle "GM"]
[WhiteElo "2377"]
[BlackElo "2352"]
[WhiteFideId "2300982"]
[BlackFideId "5500796"]
[EventDate "2025.02.16"]

1. d4 d5 2. c4 e6 3. g3 dxc4 4. Bg2 Nc6 5. Nf3 Rb8 6. O-O Nf6 7. Nbd2 Nxd4 8.
Nxc4 Nxf3+ 9. Bxf3 Qxd1 10. Rxd1 Nd5 11. e4 Nb6 12. Nxb6 cxb6 13. Bf4 Ra8 14.
Rac1 Bc5 15. Bd6 Bxd6 16. Rxd6 e5 17. Rc7 O-O 18. Bd1 Be6 19. Bb3 Bxb3 20. axb3
Rfd8 21. Rxd8+ Rxd8 22. Rxb7 f6 23. Rxa7 Rd3 24. Ra3 b5 25. Kf1 b4 26. Ra8+ Kf7
27. Rc8 g5 28. Ke2 Rxb3 29. Rc2 g4 30. Rd2 Ke6 31. Kd1 h5 32. Kc2 Rf3 33. Kd1
Kf7 34. Ke2 Rb3 35. Kd1 Kg6 36. Kc2 Rf3 37. Kd1 Kg5 38. Ke1 Rb3 39. Kd1 h4 40.
Ke1 h3 41. Rc2 Kg6 42. Kd1 Kf7 43. Rc7+ Ke6 44. Rc6+ Ke7 45. Rc2 Kd6 46. Ke1 Ke6
47. Rc6+ Kf7 48. Rc2 f5 49. exf5 Kf6 50. Ke2 Kxf5 51. Rd2 Ke6 52. Ke1 e4 53. Ke2
Ke5 54. Rc2 Kd4 55. Rd2+ Rd3 56. Rc2 e3 57. fxe3+ Rxe3+ 58. Kd2 Rd3+ 59. Ke2 Rb3
60. Rd2+ Kc4 61. Rc2+ Kb5 62. Rd2 Ka4 63. Rc2 Kb5 64. Rd2 Kc5 65. Rc2+ Kd5 66.
Rd2+ Ke4 67. Kf2 Rf3+ 68. Ke2 Re3+ 69. Kf2 Rd3 70. Ke2 Rf3 71. Rc2 Kd5 72. Rc8
Rf6 73. Rg8 Rc6 74. Kd3 Rf6 75. Rxg4 Rf3+ 76. Kc2 b3+ 77. Kd2 Rf2+ 78. Kc3 Rxh2
79. Rh4 Rf2 80. Rxh3 Rf3+ 81. Kb4 Kc6 82. Rh6+ Kb7 83. Rg6 Ka7 84. g4 Rg3 85.
Rg8 Kb7 86. g5 Ka7 87. g6 Kb7 88. Kb5 Rg5+ 89. Kc4 Rg3 90. Rg7+ Kb6 91. Kb4 Ka6
92. Kc5 Rg2 93. Rg8 Kb7 94. Kb5 Rg5+ 95. Kc4 Rg3 96. Kc5 Rg2 97. g7 Rg4 98. Kd6
Rg6+ 99. Ke5 Rg2 100. Ke6 Re2+ 101. Kd6 Rd2+ 102. Ke6 1/2-1/2

[Event "Djerba Open A 2025"]
[Site "Djerba TUN"]
[Date "2025.02.18"]
[Round "4.3"]
[White "Willems, Niels"]
[Black "Stopa, Jacek"]
[Result "1/2-1/2"]
[WhiteTitle "FM"]
[BlackTitle "GM"]
[WhiteElo "2414"]
[BlackElo "2310"]
[WhiteFideId "20695586"]
[BlackFideId "1119591"]
[EventDate "2025.02.16"]

1. e4 e6 2. d4 d5 3. Nc3 Nf6 4. e5 Nfd7 5. f4 c5 6. Nf3 Nc6 7. Be3 Qb6 8. Na4
Qa5+ 9. c3 b6 10. Bd2 c4 11. b4 Nxb4 12. cxb4 Bxb4 13. Qc2 Bxd2+ 14. Nxd2 b5 15.
Nc3 O-O 16. Be2 b4 17. Nd1 Qb6 18. Nf3 f6 19. Rb1 a5 20. Nf2 Nb8 21. O-O Nc6 22.
Rfd1 Bd7 23. Ng4 Be8 24. Bxc4 dxc4 25. Qxc4 fxe5 26. fxe5 Ne7 27. Ng5 Nd5 28.
Rd2 Bg6 29. Rc1 Ra7 30. Rf1 Rxf1+ 31. Qxf1 h6 32. Nf3 b3 33. axb3 Qxb3 34. Nh4
Bh5 35. Rd3 Qb4 36. h3 Rf7 37. Qd1 Nf4 38. Rg3 Bxg4 39. Rxg4 Nd5 40. Qc1 Qc3 41.
Qxh6 Qxd4+ 42. Rxd4 gxh6 43. Ra4 Ra7 44. Nf3 Nb6 45. Ra2 a4 46. Nd4 Ra5 47. Nxe6
Rxe5 48. Nd4 Ra5 49. Kf2 a3 50. Nc2 Nc4 1/2-1/2

[Event "Djerba Open A 2025"]
[Site "Djerba TUN"]
[Date "2025.02.18"]
[Round "4.4"]
[White "Pichon, Ewen"]
[Black "Hallal, Tarik"]
[Result "0-1"]
[WhiteTitle "FM"]
[WhiteElo "2351"]
[BlackElo "2083"]
[WhiteFideId "45155593"]
[BlackFideId "7924887"]
[EventDate "2025.02.16"]

1. Nf3 Nf6 2. c4 g6 3. Nc3 Bg7 4. e4 d6 5. d4 O-O 6. h3 e5 7. d5 Nbd7 8. Be3 Nc5
9. Nd2 a5 10. g4 Bd7 11. Qc2 Ne8 12. O-O-O Kh8 13. Kb1 f5 14. gxf5 gxf5 15. Bxc5
dxc5 16. exf5 Bxf5 17. Nde4 Nd6 18. Bd3 Qh4 19. Nxd6 Bxd3 20. Qxd3 cxd6 21. Ne4
Rf4 22. Rde1 a4 23. Nxd6 e4 24. Rxe4 Qf6 25. Re2 Qxd6 26. Rg1 Qf6 27. Rge1 Rxf2
28. d6 Rxe2 29. Rxe2 Rd8 30. d7 Qf7 0-1

[Event "Djerba Open A 2025"]
[Site "Djerba TUN"]
[Date "2025.02.18"]
[Round "4.6"]
[White "Debray, Christopher"]
[Black "Papaux, Steve"]
[Result "1-0"]
[WhiteTitle "IM"]
[WhiteElo "2320"]
[BlackElo "2204"]
[WhiteFideId "630810"]
[BlackFideId "1337602"]
[EventDate "2025.02.16"]

1. d4 d5 2. c4 c6 3. Nf3 Nf6 4. g3 Bf5 5. Nc3 e6 6. Nh4 Bg6 7. Nxg6 hxg6 8. Qd3
Nbd7 9. Bg2 Bd6 10. O-O O-O 11. Rd1 Qe7 12. Bg5 Rfe8 13. e4 dxc4 14. Qxc4 e5 15.
d5 Rac8 16. dxc6 Rxc6 17. Qb5 Qf8 18. Bh3 Nc5 19. Qe2 Ne6 20. Bxe6 Rxe6 21. Nd5
Bc5 22. h4 Re8 23. Bxf6 gxf6 24. Rac1 Rec8 25. Kg2 Kg7 26. Qf3 Bd4 27. Rxc6 Rxc6
28. h5 Qd6 29. hxg6 fxg6 30. Qb3 Qd7 31. Rh1 b6 32. Qb5 Qb7 33. Qe2 Qc8 34. Qd2
g5 35. Qb4 Qe6 36. Qa4 a5 37. Ne7 Rc4 38. Qe8 1-0

[Event "Djerba Open A 2025"]
[Site "Djerba TUN"]
[Date "2025.02.18"]
[Round "4.7"]
[White "Gemelli, Romain"]
[Black "Achour, Mohamed Anis"]
[Result "1/2-1/2"]
[WhiteElo "2203"]
[BlackElo "2066"]
[WhiteFideId "1336401"]
[BlackFideId "7904649"]
[EventDate "2025.02.16"]

1. Nf3 d5 2. g3 Nf6 3. Bg2 e6 4. O-O Be7 5. c4 O-O 6. d4 dxc4 7. Qc2 b5 8. a4
Bb7 9. axb5 a6 10. Nc3 axb5 11. Rxa8 Bxa8 12. Nxb5 Bd5 13. Nc3 Bxf3 14. Bxf3
Qxd4 15. Be3 Qe5 16. Rd1 Qa5 17. Qa4 Qxa4 18. Nxa4 Nbd7 19. Rc1 Bd6 20. Rxc4 Ne5
21. Rc2 Nxf3+ 22. exf3 Rb8 23. Nc3 Nd5 24. Nxd5 exd5 25. Bc5 Bxc5 26. Rxc5 Rxb2
27. Rxc7 g6 28. Rd7 1/2-1/2

[Event "Djerba Open A 2025"]
[Site "Djerba TUN"]
[Date "2025.02.18"]
[Round "4.8"]
[White "Doucet, Pierre-Alois"]
[Black "Maisuradze, Nino"]
[Result "1/2-1/2"]
[BlackTitle "WGM"]
[WhiteElo "2027"]
[BlackElo "2174"]
[WhiteFideId "551065738"]
[BlackFideId "13601717"]
[EventDate "2025.02.16"]

1. e4 c5 2. Nf3 Nc6 3. Bb5 e6 4. O-O Nge7 5. c3 a6 6. Ba4 d5 7. exd5 Qxd5 8. d4
b5 9. Bb3 c4 10. Bc2 Bb7 11. Nbd2 Ng6 12. b3 cxb3 13. axb3 Be7 14. Ne4 Rd8 15.
Ba3 Bxa3 16. Rxa3 b4 17. c4 Qh5 18. Ra4 Nf4 19. Ng3 Qh6 20. Re1 O-O 21. Ne2 Nxg2
22. Kxg2 Ne5 23. Ng1 Nxf3 24. Nxf3 Qf4 25. d5 Qg4+ 26. Kh1 exd5 27. Qd3 f5 28.
c5 d4 29. Bd1 Be4 30. Qe2 Rf6 31. Rg1 Qh5 32. Rg3 d3 33. Qb2 Rg6 34. Qe5 d2 35.
Qf4 Rxg3 36. Qxg3 g5 37. Rxb4 f4 38. Qg2 Bxf3 39. Qxf3 Qxf3+ 40. Bxf3 Rd3 41.
Bd1 Kf7 42. Kg2 Ke6 43. Rb6+ Ke5 44. Rxa6 f3+ 45. Kg3 h5 46. Rd6 Rc3 47. Rxd2
Rxc5 48. Bxf3 Rc3 49. Re2+ Kf5 50. Re3 h4+ 51. Kg2 Rc1 52. h3 Kf4 53. Bg4 Rg1+ 1/2-1/2

[Event "Djerba Open A 2025"]
[Site "Djerba TUN"]
[Date "2025.02.18"]
[Round "4.9"]
[White "Bouzidi, Ahmed"]
[Black "Amrane, Abdellah"]
[Result "1-0"]
[WhiteTitle "CM"]
[BlackTitle "CM"]
[WhiteElo "2168"]
[BlackElo "2021"]
[WhiteFideId "5501733"]
[BlackFideId "7912994"]
[EventDate "2025.02.16"]

1. e4 c5 2. c3 d5 3. exd5 Qxd5 4. Na3 a6 5. Nf3 Nf6 6. Bc4 Qd8 7. O-O e6 8. Nc2
Be7 9. a4 O-O 10. d4 cxd4 11. Ncxd4 Qc7 12. Qe2 Nc6 13. Nxc6 Qxc6 14. a5 b5 15.
axb6 Bb7 16. Be3 a5 17. Bb5 Qc8 18. Ra4 Nd5 19. Rc4 Qd8 20. Rd1 Bd6 21. Rg4 Nxe3
22. Qxe3 Bxh2+ 23. Kxh2 Qxd1 24. Qh6 1-0

[Event "Djerba Open A 2025"]
[Site "Djerba TUN"]
[Date "2025.02.18"]
[Round "4.10"]
[White "Kadi, Mohamed El Mouldi"]
[Black "Hoekstra, Peter"]
[Result "1-0"]
[WhiteElo "2070"]
[BlackElo "2000"]
[WhiteFideId "7901127"]
[BlackFideId "1023217"]
[EventDate "2025.02.16"]

1. e4 c5 2. Nf3 Nc6 3. d4 cxd4 4. Nxd4 Nf6 5. Nc3 e5 6. Ndb5 d6 7. Bg5 a6 8. Na3
b5 9. Nd5 Be7 10. Bxf6 Bxf6 11. c3 Rb8 12. Nc2 Bg5 13. Bd3 O-O 14. h4 Bh6 15. g4
Bf4 16. Qf3 Be6 17. Ncb4 Nxb4 18. Nxb4 a5 19. Nc6 Qc7 20. Nxb8 Rxb8 21. Be2 b4
22. c4 Bxc4 23. Bxc4 Qxc4 24. Qe2 Qe6 25. a3 d5 26. axb4 axb4 27. exd5 Qxd5 28.
O-O h5 29. gxh5 Qb3 30. Kg2 f5 31. Qf3 Qxb2 32. Ra8 Rxa8 33. Qxa8+ Kh7 34. Qc8
Qd4 35. Qxf5+ Kh8 36. Qc8+ Kh7 37. Qc2+ Kh8 38. Rd1 Bd2 39. Qxd2 Qg4+ 40. Kf1
Qh3+ 41. Ke2 Qg4+ 42. f3 1-0

[Event "Djerba Open A 2025"]
[Site "Djerba TUN"]
[Date "2025.02.18"]
[Round "4.11"]
[White "Filali, Razzouki Marouane"]
[Black "Kakavand, Ramtin"]
[Result "1/2-1/2"]
[WhiteTitle "CM"]
[BlackTitle "FM"]
[WhiteElo "2234"]
[BlackElo "2106"]
[WhiteFideId "9003720"]
[BlackFideId "32790597"]
[EventDate "2025.02.16"]

1. e4 e5 2. Nf3 Nc6 3. Bc4 Bc5 4. d3 Nf6 5. c3 d6 6. O-O O-O 7. Re1 h6 8. h3 a5
9. Na3 Re8 10. Nc2 Bb6 11. Ne3 Bxe3 12. Bxe3 Ne7 13. Bb3 Ng6 14. Bc2 d5 15. Qe2
c6 16. Rad1 Qc7 17. Kh2 b6 18. Rg1 Nh5 19. Nh4 Nhf4 20. Bxf4 exf4 21. Nf3 Ba6
22. Qd2 dxe4 23. dxe4 Rad8 24. Qc1 Be2 25. Rxd8 Rxd8 26. Nd4 Bc4 27. b3 c5 28.
Nf5 Bd3 29. Bxd3 Rxd3 30. Rd1 f3+ 31. g3 Qd8 32. Rxd3 Qxd3 33. Qe3 Ne5 34. g4
Qxe3 35. Nxe3 Nd3 36. Kg3 Nc1 37. Nc4 b5 38. Nxa5 Ne2+ 39. Kxf3 Nxc3 40. Nb7 c4
41. bxc4 bxc4 42. a3 Nb1 43. a4 c3 44. Nc5 c2 45. Nd3 Nd2+ 46. Ke3 Nc4+ 47. Kd4
Nb2 48. Nc1 Nxa4 49. f3 g5 50. Kd3 Nc5+ 51. Kxc2 Ne6 52. Ne2 Kg7 53. e5 f6 54.
exf6+ Kxf6 55. Kd3 Kg6 56. Ke4 h5 57. Ke5 hxg4 58. Kxe6 gxf3 59. Ng3 g4 60. h4
f2 61. Ke5 f1=Q 1/2-1/2

[Event "Djerba Open A 2025"]
[Site "Djerba TUN"]
[Date "2025.02.18"]
[Round "4.12"]
[White "Neininger, Ralph"]
[Black "Loeffler, Markus"]
[Result "0-1"]
[BlackTitle "IM"]
[WhiteElo "2099"]
[BlackElo "2232"]
[WhiteFideId "4642198"]
[BlackFideId "4604822"]
[EventDate "2025.02.16"]

1. Nf3 c5 2. c4 Nf6 3. Nc3 e6 4. g3 b6 5. Bg2 Bb7 6. O-O d6 7. d4 cxd4 8. Nxd4
Bxg2 9. Kxg2 Be7 10. e4 O-O 11. Be3 Qc7 12. b3 a6 13. Rc1 Nbd7 14. Qe2 Rfe8 15.
f3 Rac8 16. Rfd1 Qb7 17. Qf2 Ne5 18. a4 Nfd7 19. Qf1 Nc5 20. Rb1 Bf8 21. Bg1 g6
22. Qe2 Bg7 23. Qe3 Kh8 24. Nde2 Qc6 25. Nd4 Qc7 26. Nde2 Rcd8 27. h3 Kg8 28.
Bf2 Qc6 29. g4 Kh8 30. Bh4 Rc8 31. Qf4 f5 32. Nd4 Qb7 33. exf5 gxf5 34. gxf5
Ned3 35. Rxd3 e5 36. Qd2 Nxd3 37. Qxd3 exd4 38. Nd5 Be5 39. f4 Bxf4 40. Bf6+ Kg8
41. Qf3 Bh6 42. Bxd4 Kf8 43. Qh5 Bf4 44. f6 Be5 45. Qh6+ Kg8 46. Be3 Kh8 47. Kf2
Rg8 48. Rg1 Rxg1 49. Kxg1 Rg8+ 50. Kf2 b5 51. axb5 axb5 52. Ne7 Rg2+ 53. Ke1
Bc3+ 0-1